Statistiques concernant Stations de métro parisien comportant le mot "saint"

Cliquez ici pour prendre le quiz!

Statistiques générales

  • Ce quiz a été pris 334 fois
  • Le résultat moyen est 13 sur 28

Statistiques - réponses

LigneRéponse% Correct
3, 12, 13, 14Saint-Lazare
84%
4Saint-Sulpice
83%
4Saint-Placide
71%
4Saint-Michel
70%
1Saint-Paul
70%
4Saint-Germain-des-Près
66%
1Saint-Mandé
66%
14Saint-Ouen
64%
4, 8, 9Strasbourg Saint-Denis
56%
13, 14Mairie de Saint-Ouen
53%
9Saint-Augustin
50%
13Saint-Denis-Université
48%
3bisSaint-Fargeau
47%
5Saint-Marcel
44%
13Porte de Saint-Ouen
43%
6Saint-Jacques
43%
12Saint-Georges
42%
14Cour-Saint-Emilion
41%
13Basilique de Saint-Denis
40%
13Saint-François-Xavier
40%
9Saint-Philippe-du-Roule
40%
9Saint-Ambroise
39%
8Saint-Sebastien-Froissart
31%
13Saint-Denis Porte de Paris
30%
9Porte de Saint-Cloud
26%
3Rue Saint-Maur
25%
10Boulogne Pont de Saint Cloud
16%
7bisPré-Saint-Gerais
4%

Distribution des résultats

Percentile par nombre de réponses

% des personnes avec chaque résultat

Votre développement - résultats

Vous n’avez pas pris ce quiz